| 000 | 00671nam a2200229 a 4500 | ||
|---|---|---|---|
| 001 | BRCA_7719 | ||
| 005 | 20190320205948.0 | ||
| 008 | 300813s1953----enka######---#000-0#eng-# | ||
| 041 | _aeng | ||
| 044 | _aenk | ||
| 050 | 4 |
_aN6786 _b.E45 1953 |
|
| 245 | 1 | 0 |
_aElizabethan art _cVictoria and Albert Museum. |
| 260 |
_aLondres _bH. M. Stationary Office _c1953 |
||
| 300 |
_a4 p. _bil., 28 láminas _c18 cm. |
||
| 440 | 0 |
_aIts small picture book _v51 _919092 |
|
| 500 | _aU61 | ||
| 650 | 1 | 4 |
_aArte inglés _917870 |
| 650 | 1 | 4 |
_aObjetos de arte _vColeccionistas y colecciones _919093 |
| 710 | 2 |
_aVictoria and Albert Museum (Londres) _919094 |
|
| 902 | _aGFM | ||
| 942 |
_2lcc _cB |
||
| 999 |
_c7393 _d7393 |
||